| 000 | 00714nam a22002177a 4500 | ||
|---|---|---|---|
| 003 | 0 | ||
| 005 | 20240927080115.0 | ||
| 008 | 240927b xxu||||| |||| 00| 0 eng d | ||
| 020 | _a9781641729642 | ||
| 050 |
_aQA 76.77 _b.H65 2022 |
||
| 100 |
_aHolmes, Mary, _eauthor. |
||
| 245 |
_aOperating systems : _bdesign and implementation / _cMary Holmes. |
||
| 260 |
_aNew York, NY : _bLarsen & Keller, _c2022. |
||
| 300 |
_aviii, 235 p. : _bcol. ill. ; _c27 cm |
||
| 440 | _aTextbook Series. | ||
| 504 | _aIncludes bibliographical references and index. | ||
| 650 | _aOperating systems (Computers). | ||
| 650 |
_aOperating systems (Computers) _xDesign and construction. |
||
| 650 | _aSystem design. | ||
| 942 |
_2lcc _cBK |
||
| 999 |
_c366400 _d366400 |
||